00972nam a22002537a 450000500170000001000130001702000230003003500130005303700170006604000120008308200180009510000340011324501020014725000110024926000440026027000430030430000270034750000330037465000540040765000700046194200270053199900190055895201410057720170124110219.0 aA-903301 c750.00a8185470987 aA-903301 bCen Lib/ Ret aDPLbEN a344.0121bCHA aChakraverti, Suranjan 939566 aThe workmen's compensation Act, 1923 :cby Suranjan Chakarverti bas amended by Act 30 of 1995 / a4th ed aAllahabad bThe Law Book Company c1997 bAllahabad aSardar Patel marg e211001 axlii, 1118p.c25cm(Hb) aIncludes appendix and index  aWorkers' compensationxLaw and legislation939567 aWorkers' compensationxLaw and legislation--Trial practice939568 2ddccENh344.0121mCHA c134023d134023 00104070aLbLd2015-07-28eCen Lib/Retg750.00l1o344.0121 CHApA-903301r2021-12-23 00:00:00s2021-12-09t1v750.00w2015-07-28yEN